| 000 | 00754nam a22002417a 4500 | ||
|---|---|---|---|
| 001 | 3115 | ||
| 003 | FISKH | ||
| 005 | 20250807150118.0 | ||
| 008 | 240207b cb ||||| |||| 00| 0 eng d | ||
| 020 | _a9780531218303 | ||
| 040 |
_aFISKH _beng _cFISKH _dFISKh |
||
| 100 | _aKoponen, Libby | ||
| 245 |
_aNorth America : _bLake superior has the largest surface area of any freshwater lake in the world/ _cby Koponen, Libby |
||
| 260 |
_aNew York : _bScholastic , _c2009 |
||
| 300 |
_a48 pages : _bcolor illustrations ; _c22 cm . |
||
| 490 | _a True Books | ||
| 505 | _aR | ||
| 520 | _aAn overview of North America. | ||
| 521 | 8 |
_a740
_bLexile |
|
| 521 | 8 |
_aR
_bRaz-Plus |
|
| 650 |
_aNorth America _vjuvenile literature |
||
| 942 |
_2ddc _cBK _n0 |
||
| 999 |
_c3115 _d3115 |
||